Statistiche per Top 15 dei paesi con decessi Covid-19 - 23 novembre

Clicka qui per fare il quiz!

Statistiche generali

  • Questo quiz è stato fatto 3 volte
  • Il punteggio medio è 13 su 21

Statistiche sulle risposte

paese% Corretto
Argentina
100%
Brasile
100%
Francia
100%
India
100%
Italia
100%
Messico
100%
Regno Unito
100%
Russia
100%
Spagna
100%
Stati Uniti
100%
Belgio
67%
Colombia
67%
Cile
33%
Ecuador
33%
Iran
33%
Sudafrica
33%
Bolivia
0%
Bosnia ed
Erzegovina
0%
Indonesia
0%
Macedonia
del Nord
0%
Perù
0%

Distribuzione punteggi

Percentile per numero di risposta

Percentuale di utenti per punteggio

I tuoi punteggi nel tempo

Non hai fatto questo quiz